| 000 | 00888nac a22002651u 4500 | ||
|---|---|---|---|
| 999 |
_c1645 _d1645 |
||
| 003 | EG-ScBUE | ||
| 005 | 20210517105706.0 | ||
| 008 | 200219s1931 enka f 000 0 eng d | ||
| 040 |
_aEG-ScBUE _beng _erda _cEG-ScBUE _dEG-ScBUE |
||
| 082 | 0 | 4 |
_a261.55 _bHUX _222 |
| 100 | 1 |
_aHuxley, Thomas Henry, _d1825-1895, _eauthor. _910771 |
|
| 245 | 1 | 0 |
_aLectures and essays : _bwith illustrations / _cby Thomas Henry Huxley. |
| 264 | 1 |
_aLondon : _bWatts & Co., _c1931. |
|
| 300 |
_axix, 232 pages : _billustrations ; _c23 cm. |
||
| 336 |
_2rdacontent _atext _btxt |
||
| 337 |
_2rdamedia _aunmediated _bn |
||
| 338 |
_2rdacarrier _avolume _bnc |
||
| 490 | 0 |
_aThe thinker's library ; _vno. 17 |
|
| 650 | 7 |
_aReligion and science. _2BUEsh |
|
| 651 | _2BUEsh | ||
| 653 |
_bGGEN _cMay2021 |
||
| 655 |
_vReading book _934232 |
||
| 942 |
_cBB _k814H9863 _2ddc |
||